000 00425nam a22001817a 4500
003 MPLRDC
005 20220104144551.0
008 210129b ||||| |||| 00| 0 eng d
020 _a7-5411-2167-3
082 _a909.2 LMD
100 _a黎孟德主编
245 _a中国艺术名作快读
_c
250 _a初版
260 _a
_b四川文艺出版社
_c2003
300 _b
650 _a
942 _cBK
_o909.2 LMD
999 _c50856
_d50846